00742namaa2200169 i 4500001000700000003000900007005001700016008004100033040002300074100002000097245011400117260009100231300002100322505002000343700002500363852018400388173776ES-MaACL20230906215337.0100118s1853 sp |||| | spa d aSpMaBN bspa cPAB1 aAriza, Juan de.13aLa Flor del valle b: zarzuela en un acto y en verso / coriginal de Juan de Ariza; música de Luís Arche. aMadrid : bCírculo Literario Comercial, c1853 (fImprenta á cargo de C. Gonzalez) a36 p. ; c21 cm.8 aSólo la letra1 aArche, Luis Vicente. aES-MaACLjB-8603(16) z.- Enc. pasta española q.- Falto de la port. originalz.- Enc. en un vol. facticio formando parte de la col. facticia "Teatro español moderno", vol. 56